Challenges in upland conservation : Asia and the Pacific

Bibliographic Details
Main Author: BROOKS
Format: Book
Published: Bangkok : FAO Regional Office for Asia and the Pacific , 1993
Series:RAPA publication ; 1993/5
Subjects:

MARC

LEADER 00000cam a2200000 7i4500
001 0000001396
005 20010618.0
090 0 0 |a 631.45095   |b BRO 1993 
100 1 0 |a BROOKS   |h Kenneth N. 
245 1 0 |a Challenges in upland conservation : Asia and the Pacific   |c Kenneth N. Brooks 
260 0 0 |a Bangkok :   |b FAO Regional Office for Asia and the Pacific ,   |c 1993 
300 |a vi, 41 p. :   |b col. ill. ;   |c 30 cm. 
440 0 0 |a RAPA publication ; 1993/5 
500 0 0 |a Bibliography: [p. 40-41] 
650 0 0 |a Upland conservationAsia 
650 0 0 |a Upland conservation   |z Asia   |x Citizen participation 
998 |a JPSM 
999 |a 0000002890   |b Monograph   |c Open Shelf   |e Default branch